| 000 | 00603nam a22002297a 4500 | ||
|---|---|---|---|
| 003 | UA-OsUOA | ||
| 001 | 126014 | ||
| 007 | ta | ||
| 008 | 20171005b un ||||| |||| 00| 0 ukr d | ||
| 100 | _aУшаков Н. Н. | ||
| 090 |
_a821.161.1 _bУ93 |
||
| 942 | _cBK | ||
| 040 |
_aUA-OsUOA _brus _cUA-OsUOA _dUA-OsUOA |
||
| 245 |
_aТри книги _bстихи и переводы |
||
| 300 | _a208 с. | ||
| 955 | _a3 | ||
| 041 | _arus | ||
| 080 | _a821.161.1 | ||
| 260 |
_aК. _bДніпро _c1974 |
||
| 650 | 7 |
_a82 Література. Літературознавство _2UDC |
|
| 999 |
_c413260 _d413260 |
||